000 00613cam a22002171 4500
008
049 _aMAIN
090 0 _aQR84POR
100 1 _aPorter, John Roger.
245 1 0 _aBacterial chemistry and physiology,
_cby John Roger Porter ...
260 _aNew York :
_b Wiley,
_cc1946.
300 _ax, 1073 p. ;
_bill. ;
_c24 cm.
500 _aIncludes index.
504 _aIncludes bibliographical references.
650 0 _aBacteria.
907 _a.b10220100
_b07-05-12
_c17-11-06
003
005 20230120203934.0
040 _cNUST
942 _cBOOKS
_kQR84POR
999 _c114218
_d114218